| 000 | 00706nam a22002537a 4500 | ||
|---|---|---|---|
| 003 | BUBTL | ||
| 008 | 130507b xxu||||| |||| 00| 0 eng d | ||
| 020 | _a9789332586932 | ||
| 024 | _cAvailable | ||
| 037 | _cAvailable | ||
| 040 |
_aMBSTU LIBRARY _dMBSTU LIBRARY |
||
| 082 |
_222 _a004.6 / St18d |
||
| 100 |
_aStallings,William _9578 |
||
| 245 |
_aData and Computer Communications / _cWilliam Stallings |
||
| 250 | _a10th ed. | ||
| 260 |
_aIndia : _bPearson, _cc2018 |
||
| 300 |
_a907 p. : _c24 cm. |
||
| 500 | _aIncludes Index | ||
| 600 |
_aComputer communications. _92387 |
||
| 650 | 0 |
_9457 _aComputer Science |
|
| 856 |
_k0 _l0 _yDownload |
||
| 942 |
_2ddc _cBK |
||
| 999 |
_c6231 _d6231 |
||